Central Library OPAC University of Rajshahi

Environmental News in Maimstream Newspapers and its Impacts on Public Awareness Building in Bangladesh / (Record no. 84277)

MARC details
000 -LEADER
fixed length control field 00971nam a2200241 a 4500
001 - CONTROL NUMBER
RUCL Control Number 84277
003 - CONTROL NUMBER IDENTIFIER
rucl marc code BD-RjUL
005 - DATE AND TIME OF LATEST TRANSACTION
control field 20241111112735.0
008 - FIXED-LENGTH DATA ELEMENTS--GENERAL INFORMATION
fixed length control field 241111s2022 bg a|||| m||| 00| 0 eng d
035 ## - SYSTEM CONTROL NUMBER
system control number (BD-RjUL)84277
040 ## - CATALOGING SOURCE
Original cataloging agency BD-RjUL
Language of cataloging eng
Transcribing agency BD-RjUL
Modifying agency BD-RjUL
041 ## - LANGUAGE CODE
Language code of Book eng
082 ## - DEWEY DECIMAL CLASSIFICATION NUMBER
DDC Edition number 23
Classification number 333.7095492
Author mark and Year JAE 2022
100 ## - MAIN ENTRY--PERSONAL NAME
Personal name Jaman, Most. Sharmin
9 (RLIN) 14199
245 10 - TITLE STATEMENT
Title Environmental News in Maimstream Newspapers and its Impacts on Public Awareness Building in Bangladesh /
Statement of responsibility, etc By Most. Sharmin Jaman ;
Name of Supervisor/Co-Supervisor Supervisor : A. B. M. Saiful Islam
260 ## - PUBLICATION, DISTRIBUTION, ETC. (IMPRINT)
Place of publication, distribution, etc Rajshahi :
Name of publisher, distributor, etc Institute of Environmental Sciences, University of Rajshahi,
Date of publication, distribution, etc 2022
300 ## - PHYSICAL DESCRIPTION
Pagination xvii, 224 Leaves :
Other physical details ill, ;
Dimensions 29 cm.
502 ## - DISSERTATION NOTE
Dissertation note Thesis (Ph. D.) -- Institute of Environmental Sciences, University of Rajshahi, 2022
504 ## - BIBLIOGRAPHY, ETC. NOTE
Bibliography, etc References : Leaves 206-244
650 ## - SUBJECT ADDED ENTRY--TOPICAL TERM
Topical term or geographic name as entry element Environmental News
Geographic subdivision Bangladesh
9 (RLIN) 14200
700 ## - ADDED ENTRY--SUPERVISOR/CO-SUPERVISOR NAME
Personal name Islam, A. B. M. Saiful, Supervisor
9 (RLIN) 14201
942 ## - ADDED ENTRY ELEMENTS (KOHA)
Source of classification or shelving scheme Dewey Decimal Classification
Koha item type Theses
Holdings
Source of classification or shelving scheme Damaged status Not for loan Collection code Permanent Location Current Location Shelving location Date of accession Source of acquisition Total Checkouts Full call number Barcode Date last seen Copy number Thesis
Dewey Decimal Classification   Not For Loan Theses Central Library, University of Rajshahi Central Library, University of Rajshahi Documentation Section 06/11/2024 Controller of Exam. R.U.   THE 333.7095492 JAE 2022 D4963 11/11/2024 C-I Theses